Normal view
MARC view
- Hae-Sook, Um
Entry Nombre Personal
001 - NUMERO DE CONTROL
- campo de control: 36727
003 - IDENTIFICADOR DE NUMERO DE CONTROL
- campo de control: UPN
005 - FECHA Y HORA DE LA ÜLTIMA TRANSACCIÓN
- campo de control: 20210219194517.0
008 - DATOS DE LONGITUD FIJA
- campo de control de longitud fija: nabaccnnaabn|||||||||| b |nc|||||d
035 ## - NUMERO DE CONTROL
- Número de control: UPN11000008834
040 ## - FUENTE DE CATALOGACIÓN
- Lenguaje de catalogación: SPA
- Agencia de transcripción: UPN
100 1# - ENCABEZAMIENTO - NOMBRE PERSONAL
- Nombre personal: Hae-Sook, Um
670 ## - FUENTE EN LA QUE SE LOCALIZARON DATOS
- Cita de la fuente: T
- Información localizada: ¿Los animales se comunican?
680 ## - NOTA PUBLICA DE ACCESO PÚBLICO
- Encabezamiento o subdivisión: Estudió un curso de posgrado de Literatura coreana en la Universidad de Yonsei, obtuvo su doctorado en Literatura juvenil en la Universidad de Inha
902 ## - CATALOGADOR
- Catalogador: MITM/200315
